[Event "55th Rubinstein Memorial-A 2019"]
[Site "Polanica-Zdroj"]
[Date "2019.08.18"]
[Round "2.19"]
[White "Hasterok, Mateusz"]
[Black "Luba, Lukasz"]
[Result "0-1"]
[WhiteElo "1911"]
[BlackElo "2130"]
[Annotator "NA"]
[PlyCount "80"]
[EventDate "2019.08.17"]
[EventType "swiss"]
[EventCountry "POL"]
[SourceTitle "playchess.com"]
[Source "ChessBase"]
[SourceQuality "1"]
[TimeControl "40/5400+30:1800+30"]

1. d4 {[%emt 0:00:00]} d6 {[%emt 0:00:34]} 2. c4 {[%emt 0:00:00]} g6 {[%emt 0:00:26]} 3. e4 {[%emt 0:00:00]} Bg7 {[%emt 0:00:31]} 4. Nc3 {[%emt 0:00:43]} Nf6 {[%emt 0:04:01]} 5. f3 {[%emt 0:00:04]} c6 {[%emt 0:00:39]} 6. Be3 {[%emt 0:00:54]} Qc7 {[%emt 0:01:04]} 7. Qd2 {[%emt 0:03:49]} h5 {[%emt 0:00:17]} 8. Nge2 {[%emt 0:01:12]} Nbd7 {[%emt 0:02:02]} 9. Nc1 {[%emt 0:01:28]} e5 {[%emt 0:04:54]} 10. Nb3 {[%emt 0:01:23]} Bf8 {[%emt 0:05:45]} 11. O-O-O {[%emt 0:13:25]} b6 {[%emt 0:00:08]} 12. f4 {[%emt 0:02:11]} Ng4 {[%emt 0:00:06]} 13. Bg1 {[%emt 0:00:11]} exf4 {[%emt 0:00:22]} 14. Kb1 {[%emt 0:10:27]} Bh6 {[%emt 0:04:27]} 15. h3 {[%emt 0:04:27]} Ne3 {[%emt 0:01:55]} 16. Re1 {[%emt 0:02:47]} Nxf1 {[%emt 0:00:51]} 17. Rxf1 {[%emt 0:00:06]} h4 {[%emt 0:00:31]} 18. Qe2 {[%emt 0:02:00]} Ba6 {[%emt 0:01:06]} 19. Nd2 {[%emt 0:00:57]} O-O-O {[%emt 0:03:56]} 20. Nf3 {[%emt 0:03:55]} g5 {[%emt 0:00:33]} 21. b4 {[%emt 0:03:56]} Bb7 {[%emt 0:04:50]} 22. Rc1 {[%emt 0:01:20]} Rde8 {[%emt 0:01:13]} 23. d5 {[%emt 0:05:38]} c5 {[%emt 0:04:15]} 24. Bf2 {[%emt 0:03:04]} a6 {[%emt 0:02:14]} 25. b5 {[%emt 0:02:38]} a5 {[%emt 0:00:14]} 26. Qc2 {[%emt 0:04:02]} Qd8 {[%emt 0:04:28]} 27. Be1 {[%emt 0:00:48]} Qe7 {[%emt 0:00:25]} 28. Bd2 {[%emt 0:01:31]} Bg7 {[%emt 0:00:14]} 29. Rhe1 {[%emt 0:00:11]} Qf6 {[%emt 0:00:19]} 30. e5 {[%emt 0:02:00]} Nxe5 {[%emt 0:00:43]} 31. Ne4 {[%emt 0:00:07]} Nxc4 {[%emt 0:00:49]} 32. Qb3 {[%emt 0:05:37]} Rxe4 {[%emt 0:05:24]} 33. Rxe4 {[%emt 0:00:08]} Nxd2+ {[%emt 0:00:37]} 34. Nxd2 {[%emt 0:00:18]} Bxd5 {[%emt 0:00:11]} 35. Rec4 {[%emt 0:01:21]} Qg6+ {[%emt 0:03:47]} 36. Qc2 {[%emt 0:00:37]} Bxc4 {[%emt 0:00:06]} 37. Qxg6 {[%emt 0:00:06]} Bxa2+ {[%emt 0:00:03]} 38. Kxa2 {[%emt 0:00:06]} fxg6 {[%emt 0:00:13]} 39. Nc4 {[%emt 0:00:09]} Kc7 {[%emt 0:03:11]} 40. Re1 {[%emt 0:00:00]} Be5 {[%emt 0:00:00]} 0-1

[Event "55th Rubinstein Memorial-A 2019"]
[Site "Polanica-Zdroj"]
[Date "2019.08.18"]
[Round "2.20"]
[White "Goraj, Barbara"]
[Black "Slomczewski, Michal"]
[Result "0-1"]
[WhiteElo "1800"]
[BlackElo "2115"]
[Annotator "NA"]
[PlyCount "102"]
[EventDate "2019.08.17"]
[EventType "swiss"]
[EventCountry "POL"]
[SourceTitle "playchess.com"]
[Source "ChessBase"]
[SourceQuality "1"]
[TimeControl "40/5400+30:1800+30"]

1. e4 {[%emt 0:00:00]} c5 {[%emt 0:00:00]} 2. Nf3 {[%emt 0:00:00]} e6 {[%emt 0:00:00]} 3. d4 {[%emt 0:00:00]} cxd4 {[%emt 0:00:00]} 4. Nxd4 {[%emt 0:00:00]} Nc6 {[%emt 0:00:00]} 5. Nc3 {[%emt 0:00:07]} Qc7 {[%emt 0:00:00]} 6. Be2 {[%emt 0:00:30]} a6 {[%emt 0:00:36]} 7. O-O {[%emt 0:00:38]} Nf6 {[%emt 0:00:08]} 8. Be3 {[%emt 0:00:48]} b5 {[%emt 0:11:37]} 9. a3 {[%emt 0:05:25]} Be7 {[%emt 0:01:34]} 10. f4 {[%emt 0:01:53]} Bb7 {[%emt 0:11:14]} 11. Bf3 {[%emt 0:11:10]} d6 {[%emt 0:09:58]} 12. Nxc6 {[%emt 0:11:09]} Bxc6 {[%emt 0:00:28]} 13. e5 {[%emt 0:05:25]} dxe5 {[%emt 0:14:02]} 14. fxe5 {[%emt 0:03:19]} Nd7 {[%emt 0:00:06]} 15. Bxc6 {[%emt 0:00:18]} Qxc6 {[%emt 0:00:01]} 16. Qg4 {[%emt 0:01:52]} O-O {[%emt 0:19:18]} 17. Bh6 {[%emt 0:10:09]} Qc5+ {[%emt 0:00:03]} 18. Kh1 {[%emt 0:00:07]} Qxe5 {[%emt 0:00:05]} 19. Rae1 {[%emt 0:00:09]} f5 {[%emt 0:00:04]} 20. Qd1 {[%emt 0:00:50]} Qd6 {[%emt 0:06:22]} 21. Qxd6 {[%emt 0:04:24]} Bxd6 {[%emt 0:00:01]} 22. Rxe6 {[%emt 0:01:58]} Be5 {[%emt 0:04:18]} 23. Bd2 {[%emt 0:08:20]} g6 {[%emt 0:04:01]} 24. Re1 {[%emt 0:04:26]} Rfe8 {[%emt 0:00:58]} 25. Rxe8+ {[%emt 0:00:35]} Rxe8 {[%emt 0:00:05]} 26. Bf4 {[%emt 0:03:57]} Kf7 {[%emt 0:00:33]} 27. Bxe5 {[%emt 0:01:17]} Rxe5 {[%emt 0:07:45]} 28. Rxe5 {[%emt 0:01:08]} Nxe5 {[%emt 0:00:02]} 29. b3 {[%emt 0:01:37]} Ke6 {[%emt 0:00:38]} 30. Kg1 {[%emt 0:09:42]} Ng4 {[%emt 0:04:14]} 31. Nd1 {[%emt 0:00:23]} f4 {[%emt 0:01:26]} 32. h3 {[%emt 0:04:23]} Ne3 {[%emt 0:01:45]} 33. Nxe3 {[%emt 0:08:45]} fxe3 {[%emt 0:00:01]} 34. Kf1 {[%emt 0:00:16]} Kd5 {[%emt 0:00:18]} 35. c3 {[%emt 0:00:07]} g5 {[%emt 0:03:24]} 36. Ke2 {[%emt 0:00:16]} Ke4 {[%emt 0:00:08]} 37. g3 {[%emt 0:01:40]} a5 {[%emt 0:01:08]} 38. a4 {[%emt 0:01:24]} bxa4 {[%emt 0:00:17]} 39. bxa4 {[%emt 0:00:06]} h5 {[%emt 0:00:32]} 40. g4 {[%emt 0:00:00]} h4 {[%emt 0:00:00]} 41. c4 {[%emt 0:03:17]} Kd4 {[%emt 0:02:27]} 42. c5 {[%emt 0:00:26]} Kxc5 {[%emt 0:00:03]} 43. Kxe3 {[%emt 0:00:06]} Kb4 {[%emt 0:00:02]} 44. Ke4 {[%emt 0:00:24]} Kxa4 {[%emt 0:00:04]} 45. Kf5 {[%emt 0:00:04]} Kb4 {[%emt 0:00:46]} 46. Kxg5 {[%emt 0:00:08]} a4 {[%emt 0:00:02]} 47. Kh6 {[%emt 0:01:14]} a3 {[%emt 0:00:05]} 48. g5 {[%emt 0:00:07]} a2 {[%emt 0:00:08]} 49. g6 {[%emt 0:00:07]} a1=Q {[%emt 0:00:06]} 50. g7 {[%emt 0:00:05]} Qf6+ {[%emt 0:02:05]} 51. Kh7 {[%emt 0:00:14]} Qf7 {[%emt 0:00:15]} 0-1

[Event "55th Rubinstein Memorial-A 2019"]
[Site "Polanica-Zdroj"]
[Date "2019.08.18"]
[Round "2.21"]
[White "Skiba, Aleksandra"]
[Black "Malicka, Maria"]
[Result "0-1"]
[WhiteElo "1703"]
[BlackElo "2062"]
[Annotator "NA"]
[PlyCount "120"]
[EventDate "2019.08.17"]
[EventType "swiss"]
[EventCountry "POL"]
[SourceTitle "playchess.com"]
[Source "ChessBase"]
[SourceQuality "1"]
[TimeControl "40/5400+30:1800+30"]

1. e4 {[%emt 0:00:00]} e5 {[%emt 0:00:00]} 2. Nf3 {[%emt 0:00:00]} Nc6 {[%emt 0:00:00]} 3. Bb5 {[%emt 0:00:00]} a6 {[%emt 0:00:00]} 4. Ba4 {[%emt 0:00:22]} Nf6 {[%emt 0:00:00]} 5. O-O {[%emt 0:00:45]} Be7 {[%emt 0:00:08]} 6. Re1 {[%emt 0:00:39]} b5 {[%emt 0:00:09]} 7. Bb3 {[%emt 0:00:13]} d6 {[%emt 0:00:09]} 8. c3 {[%emt 0:00:47]} O-O {[%emt 0:00:11]} 9. d4 {[%emt 0:00:09]} Bg4 {[%emt 0:01:42]} 10. d5 {[%emt 0:01:42]} Na5 {[%emt 0:01:48]} 11. Bc2 {[%emt 0:00:11]} c6 {[%emt 0:00:58]} 12. h3 {[%emt 0:04:13]} Bc8 {[%emt 0:00:54]} 13. dxc6 {[%emt 0:07:50]} Nxc6 {[%emt 0:01:03]} 14. Nbd2 {[%emt 0:04:20]} Qc7 {[%emt 0:06:57]} 15. Nf1 {[%emt 0:01:40]} h6 {[%emt 0:04:41]} 16. Ng3 {[%emt 0:06:19]} Rd8 {[%emt 0:01:40]} 17. Qe2 {[%emt 0:05:36]} Be6 {[%emt 0:02:27]} 18. Bb3 {[%emt 0:05:54]} Na5 {[%emt 0:11:04]} 19. Bxe6 {[%emt 0:05:13]} fxe6 {[%emt 0:00:08]} 20. Nh2 {[%emt 0:02:10]} Qc4 {[%emt 0:10:34]} 21. Nh5 {[%emt 0:16:28]} Qxe2 {[%emt 0:02:12]} 22. Nxf6+ {[%emt 0:00:03]} gxf6 {[%emt 0:01:43]} 23. Rxe2 {[%emt 0:00:08]} Kh7 {[%emt 0:09:21]} 24. Ng4 {[%emt 0:06:07]} h5 {[%emt 0:02:27]} 25. Ne3 {[%emt 0:00:06]} Kg6 {[%emt 0:04:45]} 26. b4 {[%emt 0:03:47]} Nc4 {[%emt 0:03:55]} 27. a4 {[%emt 0:05:23]} d5 {[%emt 0:16:02]} 28. exd5 {[%emt 0:08:03]} exd5 {[%emt 0:00:45]} 29. axb5 {[%emt 0:00:20]} Nxe3 {[%emt 0:00:17]} 30. Bxe3 {[%emt 0:01:24]} axb5 {[%emt 0:00:04]} 31. Rea2 {[%emt 0:02:44]} Rac8 {[%emt 0:06:06]} 32. Ra7 {[%emt 0:02:47]} Bf8 {[%emt 0:01:55]} 33. Rb7 {[%emt 0:01:58]} Rxc3 {[%emt 0:02:25]} 34. Rxb5 {[%emt 0:00:59]} d4 {[%emt 0:01:10]} 35. Bd2 {[%emt 0:00:05]} Rc2 {[%emt 0:00:05]} 36. Rd1 {[%emt 0:01:00]} e4 {[%emt 0:01:36]} 37. Bf4 {[%emt 0:01:15]} Rb2 {[%emt 0:03:19]} 38. Rb6 {[%emt 0:04:33]} Rxb4 {[%emt 0:01:10]} 39. Rxb4 {[%emt 0:01:33]} Bxb4 {[%emt 0:00:01]} 40. Kf1 {[%emt 0:00:00]} Kf5 {[%emt 0:00:00]} 41. Be3 {[%emt 0:05:03]} Bc3 {[%emt 0:06:40]} 42. g3 {[%emt 0:07:19]} Rb8 {[%emt 0:08:19]} 43. Bf4 {[%emt 0:02:44]} Rb2 {[%emt 0:00:53]} 44. Bh6 {[%emt 0:03:28]} Rb7 {[%emt 0:10:52]} 45. Ke2 {[%emt 0:04:39]} d3+ {[%emt 0:01:45]} 46. Kf1 {[%emt 0:00:56]} Bd4 {[%emt 0:01:40]} 47. Bd2 {[%emt 0:01:04]} Rb2 {[%emt 0:00:49]} 48. Ke1 {[%emt 0:01:57]} Rc2 {[%emt 0:02:03]} 49. Kf1 {[%emt 0:00:33]} Ke5 {[%emt 0:02:10]} 50. Bf4+ {[%emt 0:01:08]} Kd5 {[%emt 0:00:21]} 51. Bd2 {[%emt 0:00:06]} f5 {[%emt 0:00:26]} 52. h4 {[%emt 0:01:55]} Kc4 {[%emt 0:01:16]} 53. Kg1 {[%emt 0:00:56]} Bc3 {[%emt 0:01:27]} 54. Be3 {[%emt 0:00:25]} Bd4 {[%emt 0:01:16]} 55. Bd2 {[%emt 0:00:07]} Kb3 {[%emt 0:01:58]} 56. Kf1 {[%emt 0:00:44]} Rb2 {[%emt 0:00:23]} 57. Ke1 {[%emt 0:02:03]} Bc3 {[%emt 0:00:19]} 58. Bxc3 {[%emt 0:00:31]} Kxc3 {[%emt 0:00:00]} 59. Rc1+ {[%emt 0:00:36]} Rc2 {[%emt 0:00:03]} 60. Rd1 {[%emt 0:00:48]} Re2+ {[%emt 0:00:53]} 0-1

[Event "55th Rubinstein Memorial-A 2019"]
[Site "Polanica-Zdroj"]
[Date "2019.08.18"]
[Round "2.22"]
[White "Zych, Marek"]
[Black "Gospodarczyk, Wojciech"]
[Result "1-0"]
[WhiteElo "2061"]
[BlackElo "1615"]
[Annotator "NA"]
[PlyCount "54"]
[EventDate "2019.08.17"]
[EventType "swiss"]
[EventCountry "POL"]
[SourceTitle "playchess.com"]
[Source "ChessBase"]
[SourceQuality "1"]
[TimeControl "40/5400+30:1800+30"]

1. Nf3 {[%emt 0:03:18]} f5 {[%emt 0:00:00]} 2. d4 {[%emt 0:00:52]} Nf6 {[%emt 0:00:00]} 3. c4 {[%emt 0:00:29]} d6 {[%emt 0:00:30]} 4. g3 {[%emt 0:00:15]} g6 {[%emt 0:00:09]} 5. Bg2 {[%emt 0:00:25]} Bg7 {[%emt 0:00:18]} 6. O-O {[%emt 0:00:54]} O-O {[%emt 0:00:20]} 7. Nc3 {[%emt 0:00:33]} Nbd7 {[%emt 0:14:02]} 8. Qb3 {[%emt 0:05:36]} c6 {[%emt 0:10:00]} 9. Ng5 {[%emt 0:06:20]} Qb6 {[%emt 0:08:24]} 10. Ne6 {[%emt 0:00:38]} Rf7 {[%emt 0:00:05]} 11. d5 {[%emt 0:07:13]} Ne5 {[%emt 0:09:25]} 12. Be3 {[%emt 0:10:38]} c5 {[%emt 0:07:10]} 13. f4 {[%emt 0:01:03]} Neg4 {[%emt 0:00:53]} 14. Bd2 {[%emt 0:00:33]} Bh8 {[%emt 0:08:11]} 15. h3 {[%emt 0:01:52]} Nh6 {[%emt 0:03:02]} 16. Qc2 {[%emt 0:01:28]} Nh5 {[%emt 0:02:09]} 17. Kh2 {[%emt 0:00:57]} Ng7 {[%emt 0:01:03]} 18. Ng5 {[%emt 0:01:22]} Rf8 {[%emt 0:01:32]} 19. e4 {[%emt 0:00:30]} Nf7 {[%emt 0:00:31]} 20. Nxf7 {[%emt 0:00:57]} Rxf7 {[%emt 0:01:19]} 21. e5 {[%emt 0:00:15]} Ne8 {[%emt 0:00:34]} 22. Rfe1 {[%emt 0:02:19]} Rf8 {[%emt 0:05:36]} 23. Re2 {[%emt 0:00:26]} Bd7 {[%emt 0:01:59]} 24. Rae1 {[%emt 0:06:35]} a6 {[%emt 0:02:05]} 25. a3 {[%emt 0:06:11]} Qc7 {[%emt 0:03:52]} 26. Qd3 {[%emt 0:02:15]} Rc8 {[%emt 0:04:14]} 27. e6 {[%emt 0:00:14]} Qd8 1-0

[Event "55th Rubinstein Memorial-A 2019"]
[Site "Polanica-Zdroj"]
[Date "2019.08.18"]
[Round "2.23"]
[White "Hertlein, Irena"]
[Black "Domanski, Lukasz"]
[Result "0-1"]
[WhiteElo "1689"]
[BlackElo "2058"]
[Annotator "NA"]
[PlyCount "56"]
[EventDate "2019.08.17"]
[EventType "swiss"]
[EventCountry "POL"]
[SourceTitle "playchess.com"]
[Source "ChessBase"]
[SourceQuality "1"]
[TimeControl "40/5400+30:1800+30"]

1. d4 Nf6 2. Nf3 c5 3. e3 g6 4. b3 Bg7 5. Bb2 cxd4 6. exd4 d5 7. Bb5+ Nc6 8. O-O O-O 9. h3 Bf5 10. Bxc6 bxc6 11. Nc3 c5 12. dxc5 Ne4 13. Na4 Bxb2 14. Nxb2 Nxc5 15. Nd4 Qc8 16. Re1 Ne4 17. Nxf5 Qxf5 18. Qe2 Nc3 19. Qd2 Qf6 20. Nd3 Rac8 21. f3 Rc7 22. Nf4 Rfc8 23. Nxd5 Nxd5 24. Qxd5 Rxc2 25. Qe4 e6 26. Qe3 Qh4 27. Re2 Rxe2 28. Qxe2 Qd4+ 0-1

[Event "55th Rubinstein Memorial-A 2019"]
[Site "Polanica-Zdroj"]
[Date "2019.08.18"]
[Round "2.24"]
[White "Goluch, Piotr"]
[Black "Szydlo, Michal"]
[Result "1-0"]
[WhiteElo "2418"]
[BlackElo "1865"]
[Annotator "NA"]
[PlyCount "69"]
[EventDate "2019.08.17"]
[EventType "swiss"]
[EventCountry "POL"]
[SourceTitle "playchess.com"]
[Source "ChessBase"]
[SourceQuality "1"]
[TimeControl "40/5400+30:1800+30"]

1. Nf3 {[%emt 0:00:00]} Nf6 {[%emt 0:00:00]} 2. b3 {[%emt 0:00:13]} g6 {[%emt 0:00:00]} 3. Bb2 {[%emt 0:00:04]} Bg7 {[%emt 0:00:00]} 4. d4 {[%emt 0:02:09]} O-O {[%emt 0:00:02]} 5. Nbd2 {[%emt 0:00:06]} d5 {[%emt 0:07:56]} 6. c4 {[%emt 0:00:07] A48: 1 d4 Nf6 2 Nf3 g6: Torre, London and Colle Systems} c6 {[%emt 0:01:08]} 7. e3 {[%emt 0:00:11]} (7. g3 Ne4 8. Bg2 Bf5 9. Nh4 e6 10. Nxf5 exf5 11. O-O Re8 12. cxd5 cxd5 {½-½ (59) Banikas,H (2601)-Van Foreest,J (2614) Skopje 2018}) 7... e6 {[%emt 0:08:50]} 8. Bd3 {[%emt 0:04:07]} b6 $146 {[%emt 0:05:02]} ({Predecessor:} 8... Nbd7 9. O-O Re8 10. e4 dxe4 11. Nxe4 Nxe4 12. Bxe4 c5 13. Rb1 Qc7 14. d5 exd5 15. Bxd5 Nf6 16. Ng5 Nxd5 17. Qxd5 Bf5 18. Bxg7 Bxb1 19. Rxb1 Kxg7 {0-1 (32) Koerber,C (1571)-Fett,H (1702) Forchheim 2010}) 9. Ne5 {[%emt 0:10:15]} Nfd7 {[%emt 0:02:07]} 10. h4 {[%emt 0:04:40]} Nxe5 {[%emt 0:02:49]} 11. dxe5 {[%emt 0:00:04]} Nd7 {[%emt 0:01:48]} 12. Nf3 {[%emt 0:00:05]} (12. f4 $1 $14) 12... Qc7 {[%emt 0:06:41]} 13. cxd5 {[%emt 0:00:06]} exd5 {[%emt 0:02:08]} 14. Rc1 {[%emt 0:01:53]} Nxe5 {[%emt 0:19:50]} 15. Bxe5 {[%emt 0:00:05]} Bxe5 {[%emt 0:00:10]} 16. Bb5 {[%emt 0:00:02]} Bd7 {[%emt 0:05:37]} 17. Bxc6 {[%emt 0:00:21]} Bxc6 {[%emt 0:00:39]} 18. Nxe5 {[%emt 0:00:05]} Qxe5 {[%emt 0:00:11]} 19. Rxc6 {[%emt 0:00:07]} Rac8 {[%emt 0:00:47]} 20. Rxc8 {[%emt 0:00:08]} Rxc8 {[%emt 0:00:02]} 21. O-O {[%emt 0:00:10]} Qe4 {[%emt 0:01:04]} 22. h5 {[%emt 0:01:57]} Rc2 {[%emt 0:03:03]} 23. Qa1 {[%emt 0:00:06]} gxh5 {[%emt 0:01:04]} 24. Qf6 {[%emt 0:01:35]} h4 {[%emt 0:08:14]} 25. Qg5+ {[%emt 0:00:04]} Kf8 {[%emt 0:00:38]} 26. Rd1 {[%emt 0:00:50]} Rc5 {[%emt 0:05:44]} 27. Rd4 {[%emt 0:03:18]} Qg6 {[%emt 0:08:54]} 28. Qxh4 $16 {[%emt 0:01:18]} h5 {[%emt 0:00:51]} 29. Rf4 {[%emt 0:02:18]} Ke8 {[%emt 0:01:43]} 30. Kh2 {[%emt 0:04:01]} Rc2 {[%emt 0:01:22]} 31. a4 {[%emt 0:00:06]} Kd7 {[%emt 0:01:02]} 32. Rf6 {[%emt 0:01:36]} Qg7 {[%emt 0:02:33]} 33. Qd4 {[%emt 0:00:47]} Ke7 {[%emt 0:00:43]} 34. Re6+ {[%emt 0:00:14]} Kf8 {[%emt 0:00:01]} 35. Re8+ {[%emt 0:00:06]} 1-0

[Event "55th Rubinstein Memorial-A 2019"]
[Site "Polanica-Zdroj"]
[Date "2019.08.18"]
[Round "2.25"]
[White "Kosakowski, Jakub"]
[Black "Simon, Marek"]
[Result "1-0"]
[WhiteElo "2401"]
[BlackElo "1879"]
[Annotator "NA"]
[PlyCount "85"]
[EventDate "2019.08.17"]
[EventType "swiss"]
[EventCountry "POL"]
[SourceTitle "playchess.com"]
[Source "ChessBase"]
[SourceQuality "1"]
[TimeControl "40/5400+30:1800+30"]

1. Nf3 {[%emt 0:02:03]} Nf6 {[%emt 0:00:00]} 2. c4 {[%emt 0:00:11]} e6 {[%emt 0:00:24]} 3. e3 {[%emt 0:00:22]} c5 {[%emt 0:01:28]} 4. b3 {[%emt 0:00:09]} b6 {[%emt 0:00:17]} 5. Bb2 {[%emt 0:00:22]} Bb7 {[%emt 0:00:21]} 6. Nc3 {[%emt 0:04:28]} Be7 {[%emt 0:02:50]} 7. Be2 {[%emt 0:02:23]} O-O {[%emt 0:00:19]} 8. O-O {[%emt 0:05:32]} Ne4 {[%emt 0:07:55]} 9. Nxe4 {[%emt 0:01:57]} Bxe4 {[%emt 0:00:05]} 10. d4 {[%emt 0:00:08]} d6 {[%emt 0:01:30]} 11. Nd2 {[%emt 0:00:35] A30: Symmetrical English: Double Fianchetto and Hedgehog} Bb7 {[%emt 0:01:56]} 12. Bf3 {[%emt 0:00:09]} Bxf3 {[%emt 0:11:14]} 13. Qxf3 {[%emt 0:00:08]} Nd7 {[%emt 0:02:22]} 14. Rad1 {[%emt 0:00:26]} cxd4 $146 {[%emt 0:04:19]} ({Predecessor:} 14... Qc7 15. Qg3 cxd4 16. Bxd4 Bf6 17. Ne4 e5 18. Bb2 Be7 {1-0 (29) Zornow,T-Ossenbrueggen,L (2045) Bad Segeberg 1998}) 15. Bxd4 {[%emt 0:01:06]} Ne5 {[%emt 0:04:04]} (15... Qc8 $14) 16. Qg3 {[%emt 0:01:13]} Bh4 {[%emt 0:02:28]} 17. Qh3 {[%emt 0:00:46]} Qe7 {[%emt 0:03:18]} 18. g3 {[%emt 0:09:01]} Bf6 {[%emt 0:00:44]} 19. f4 {[%emt 0:00:31]} Nd7 $1 {[%emt 0:06:12]} 20. Ne4 {[%emt 0:02:43]} Bxd4 {[%emt 0:04:56]} 21. Rxd4 {[%emt 0:05:56]} d5 {[%emt 0:02:58]} 22. Rfd1 {[%emt 0:00:56]} Nc5 {[%emt 0:05:12]} 23. Ng5 {[%emt 0:04:14]} h6 {[%emt 0:01:22]} 24. Nf3 {[%emt 0:00:23]} dxc4 {[%emt 0:00:31]} 25. bxc4 {[%emt 0:00:41]} Rad8 {[%emt 0:01:32]} 26. Ne5 {[%emt 0:00:31]} Rxd4 {[%emt 0:04:47]} 27. Rxd4 {[%emt 0:00:06]} Qc7 {[%emt 0:00:58]} 28. g4 {[%emt 0:04:29]} Rd8 {[%emt 0:00:50]} 29. Qf3 $15 {[%emt 0:01:01]} Nb7 {[%emt 0:07:26]} 30. h4 {[%emt 0:05:34]} Rxd4 {[%emt 0:01:44]} 31. exd4 {[%emt 0:00:05]} Nd6 {[%emt 0:00:26]} 32. Qb3 {[%emt 0:34:55]} f6 {[%emt 0:12:56]} 33. c5 {[%emt 0:00:07]} bxc5 {[%emt 0:00:28]} 34. Qxe6+ {[%emt 0:00:15]} Kh7 {[%emt 0:00:36]} 35. g5 {[%emt 0:01:39]} hxg5 {[%emt 0:06:12]} 36. hxg5 {[%emt 0:01:42]} fxg5 {[%emt 0:01:03]} 37. fxg5 {[%emt 0:01:28]} cxd4 {[%emt 0:00:07]} 38. g6+ {[%emt 0:02:06]} Kh6 {[%emt 0:01:45]} 39. Nf7+ {[%emt 0:01:36]} Kh5 {[%emt 0:01:20]} 40. Nxd6 {[%emt 0:00:00]} Qc1+ {[%emt 0:00:00]} 41. Kg2 {[%emt 0:00:22]} Qc2+ {[%emt 0:27:37]} 42. Kf3 {[%emt 0:00:36]} Qxg6 {[%emt 0:01:06]} 43. Qh3+ {[%emt 0:00:06]} 1-0

[Event "55th Rubinstein Memorial-A 2019"]
[Site "Polanica-Zdroj"]
[Date "2019.08.18"]
[Round "2.26"]
[White "Konopacka, Martyna"]
[Black "Siekanski, Janusz"]
[Result "0-1"]
[WhiteElo "1845"]
[BlackElo "2263"]
[Annotator "NA"]
[PlyCount "82"]
[EventDate "2019.08.17"]
[EventType "swiss"]
[EventCountry "POL"]
[SourceTitle "playchess.com"]
[Source "ChessBase"]
[SourceQuality "1"]
[TimeControl "40/5400+30:1800+30"]

1. e4 {[%emt 0:00:00]} c5 {[%emt 0:00:00]} 2. Nc3 {[%emt 0:00:00]} e6 {[%emt 0:00:00]} 3. Nf3 {[%emt 0:00:15]} d6 {[%emt 0:00:27]} 4. d4 {[%emt 0:00:27]} cxd4 {[%emt 0:00:09]} 5. Nxd4 {[%emt 0:00:04]} Nf6 {[%emt 0:00:12]} 6. g3 {[%emt 0:00:31]} Be7 {[%emt 0:01:00]} 7. Bg2 {[%emt 0:03:32]} O-O {[%emt 0:00:16]} 8. O-O {[%emt 0:00:18]} Nc6 {[%emt 0:00:24]} 9. Be3 {[%emt 0:09:19]} Bd7 {[%emt 0:03:13]} 10. f4 {[%emt 0:05:10]} a6 {[%emt 0:05:00]} 11. a4 {[%emt 0:00:13]} Qc7 {[%emt 0:03:15]} 12. Nb3 {[%emt 0:04:15]} b6 {[%emt 0:08:47]} 13. g4 {[%emt 0:08:56]} Bc8 {[%emt 0:06:51]} 14. g5 {[%emt 0:21:32]} Nd7 {[%emt 0:00:09]} 15. Qh5 {[%emt 0:13:03]} g6 $16 {[%emt 0:05:48]} 16. Qh4 {[%emt 0:00:44]} Re8 {[%emt 0:17:30]} 17. Rf3 {[%emt 0:07:08]} Bf8 {[%emt 0:00:46]} 18. Raf1 {[%emt 0:07:26]} Bb7 {[%emt 0:05:49]} 19. Nd4 {[%emt 0:05:28]} Bg7 {[%emt 0:08:23]} 20. Nde2 {[%emt 0:00:05]} f5 {[%emt 0:03:19]} 21. Rh3 {[%emt 0:01:24]} Nf8 {[%emt 0:00:41]} 22. Rd1 {[%emt 0:02:50]} Ne7 {[%emt 0:06:53]} 23. Qf2 {[%emt 0:01:37]} Bxe4 {[%emt 0:04:32]} 24. Nxe4 {[%emt 0:02:42]} fxe4 {[%emt 0:00:12]} 25. Bxe4 {[%emt 0:00:30]} d5 {[%emt 0:00:56]} 26. Bxb6 {[%emt 0:02:10]} Qc6 {[%emt 0:02:20]} 27. Bd3 {[%emt 0:00:32]} Bxb2 {[%emt 0:02:04]} 28. a5 {[%emt 0:00:38]} Nf5 {[%emt 0:00:59]} 29. Rb1 {[%emt 0:01:18]} Bg7 {[%emt 0:00:57]} 30. Nd4 {[%emt 0:01:47]} Nxd4 {[%emt 0:05:34]} 31. Bxd4 {[%emt 0:00:02]} e5 {[%emt 0:00:56]} 32. fxe5 {[%emt 0:01:11]} Bxe5 {[%emt 0:00:35]} 33. Rb6 {[%emt 0:00:17]} Qd7 {[%emt 0:01:04]} 34. Rh4 {[%emt 0:00:53]} Bxd4 {[%emt 0:02:20]} 35. Rxd4 {[%emt 0:00:01]} Ne6 {[%emt 0:00:24]} 36. Rg4 {[%emt 0:00:33]} Nc5 {[%emt 0:01:56]} 37. Rgb4 {[%emt 0:00:43]} Ne4 {[%emt 0:01:34]} 38. Qf4 {[%emt 0:00:41]} Rf8 {[%emt 0:00:47]} 39. Rb8 {[%emt 0:00:29]} Raxb8 {[%emt 0:00:16]} 40. Rxb8 {[%emt 0:00:00]} Qa7+ {[%emt 0:00:00]} 41. Kg2 {[%emt 0:04:27]} Qxb8 {[%emt 0:00:38]} 0-1